MARC details
| 000 -CABECERA |
| campo de control de longitud fija |
01045nam a2200253 a 4500 |
| 001 - NÚMERO DE CONTROL |
| campo de control |
000006570 |
| 005 - FECHA Y HORA DE LA ÚLTIMA TRANSACCIÓN |
| campo de control |
20251017124518.0 |
| 008 - DATOS DE LONGITUD FIJA--INFORMACIÓN GENERAL |
| campo de control de longitud fija |
090901s2006 dr 000 0 spa d |
| 020 ## - NÚMERO INTERNACIONAL ESTÁNDAR DEL LIBRO |
| Número Internacional Estándar del Libro |
9945160362 |
| 040 ## - FUENTE DE LA CATALOGACIÓN |
| Centro catalogador/agencia de origen |
DO-SdBNP |
| Lengua de catalogación |
spa |
| Centro/agencia transcriptor |
BNPHU |
| 082 ## - NÚMERO DE LA CLASIFICACIÓN DECIMAL DEWEY |
| Número de clasificación |
362.2042 |
| Número de documento/Ítem |
M524p |
| 100 1# - ENTRADA PRINCIPAL--NOMBRE DE PERSONA |
| Nombre de persona |
Mella Mejías, César |
| Fechas asociadas al nombre |
1950- |
| 9 (RLIN) |
210 |
| 245 10 - MENCIÓN DE TÍTULO |
| Título |
Psiquiatría para todo el mundo : |
| Resto del título |
reflexiones sencillas que vinculan la especialidad con la sociología, la bioética, los problemas de género, la filosofía y el folcklor / |
| Mención de responsabilidad, etc. |
César Mella Mejías ; prólogo Fernando Sánchez Martínez. |
| 260 ## - PUBLICACIÓN, DISTRIBUCIÓN, ETC. |
| Lugar de publicación, distribución, etc. |
Santo Domingo : |
| Nombre del editor, distribuidor, etc. |
Búho, |
| Fecha de publicación, distribución, etc. |
2006. |
| 300 ## - DESCRIPCIÓN FÍSICA |
| Extensión |
216 p. ; |
| Dimensiones |
24 cm. |
| 590 ## - NOTA LOCAL (RLIN) |
| Nota local |
Inventariado, 2018/ YL |
| 500 ## - NOTA GENERAL |
| Nota general |
Incluye datos biográficos del autor el las solapas |
| 500 ## - NOTA GENERAL |
| Nota general |
Incluye referencias bibliográficas y notas al pie de las páginas |
| 650 #4 - PUNTO DE ACCESO ADICIONAL DE MATERIA--TÉRMINO DE MATERIA |
| Término de materia o nombre geográfico como elemento de entrada |
Psiquiatría social |
| 9 (RLIN) |
18240 |
| 650 #0 - PUNTO DE ACCESO ADICIONAL DE MATERIA--TÉRMINO DE MATERIA |
| Término de materia o nombre geográfico como elemento de entrada |
Salud mental |
| 9 (RLIN) |
803 |
| 650 #4 - PUNTO DE ACCESO ADICIONAL DE MATERIA--TÉRMINO DE MATERIA |
| Término de materia o nombre geográfico como elemento de entrada |
Bioética |
| 9 (RLIN) |
236 |
| 700 12 - PUNTO DE ACCESO ADICIONAL--NOMBRE DE PERSONA |
| Nombre de persona |
Sánchez Martínez, Fernando, |
| Término indicativo de función/relación |
pról. |
| 9 (RLIN) |
7183 |
| 910 ## - DATOS DE OPCIÓN DEL USUARIO (OCLC) |
| Datos de opción del usuario |
Validado. Control de calidad MFF |